000 00678nam a2200253Ia 4500
003 OSt
005 20220918221230.0
006 a|||||r|||| 00| 0
007 ta
008 220917b |||||||| |||| 00| 0 eng d
024 _a148,872
037 _cTextual
040 _aARTS
_cARTS
_beng
041 _2eng
_aeng
082 _aT, J03
100 _aRugg Harold
_9139654
245 0 _aTeacher in school and society
_b an introduction to education
260 _c1950
490 _aNew-world education series
650 _aEDUCATION
700 _a Brooks B Marian
_9139655
942 _hT, J03
_cTEXL
_2CC
999 _c271547
_d271547